00644nam a2200181 a 450000500170000000800410001702000180005805000180007610000180009424500520011226000630016430000220022744000400024965000210028965000230031099900190033395201100035220140412111234.0010604s19uu xx 00 eng d a1-56326-165-0 aERbDe48 1992 aVarley, M. C. aDetective Sebastian /cwritten by M. C. Varley. aMiddletown, Connecticut :bThe Walt Disney Company,c1992. a1v. (unp.) ; ill. aThe Little Mermaid's Treasure Chest aMermaids-Stories aChildren's stories c102308d102308 00104050aELbELcERd2001-06-04eDonationl0oER De48 1992pE1291r2014-04-12 00:00:00w2014-04-12yBK